|
LDR
| 02107nam a2200589 i 4500 |
|---|
| 001 | 57428 |
|---|
| 003 | CZ-PrJAB |
|---|
| 005 | 20200525111604.0 |
|---|
| 007 | ta |
|---|
| 008 | 170626s2016 xr abchf 001 0 cze |
|---|
| 015 | | . |
‡acnb002904921 |
|---|
| 020 | | . |
‡a978-80-7290-619-2
‡q(brožováno) |
|---|
| 035 | | . |
‡a(CZ PrNK)nkc20172904921 |
|---|
| 035 | | . |
‡a(OCoLC)1003288454 |
|---|
| 040 | | . |
‡aBOA001
‡bcze
‡dABA001
‡erda |
|---|
| 041 | 0 | . |
‡acze
‡bcze
‡beng |
|---|
| 072 | | 7. |
‡a376
‡xVýchova a vzdělávání zvláštních skupin osob
‡2Konspekt
‡922 |
|---|
| 080 | | . |
‡a316.344.6-056.263
‡2MRF |
|---|
| 080 | | . |
‡a376
‡2MRF |
|---|
| 080 | | . |
‡a316.772.4
‡2MRF |
|---|
| 080 | | . |
‡a316.77
‡2MRF |
|---|
| 080 | | . |
‡a616-74/-76
‡2MRF |
|---|
| 080 | | . |
‡a659.2
‡2MRF |
|---|
| 080 | | . |
‡a37.048.3
‡2MRF |
|---|
| 080 | | . |
‡a(048.8)
‡2MRF |
|---|
| 100 | 1 | . |
‡aHádková, Kateřina
‡7xx0122942
‡4aut |
|---|
| 245 | 1 | 0. |
‡aČlověk se sluchovým postižením /
‡cKateřina Hádková |
|---|
| 264 | | 1. |
‡aPraha :
‡bUniverzita Karlova, Pedagogická fakulta,
‡c2016 |
|---|
| 300 | | . |
‡a302 stran :
‡bilustrace, mapy, portréty, faksimile ;
‡c21 cm |
|---|
| 336 | | . |
‡atext
‡btxt
‡2rdacontent |
|---|
| 337 | | . |
‡abez média
‡bn
‡2rdamedia |
|---|
| 338 | | . |
‡asvazek
‡bnc
‡2rdacarrier |
|---|
| 504 | | . |
‡aObsahuje bibliografii, bibliografické odkazy a rejstřík |
|---|
| 546 | | . |
‡aČeské a anglické resumé |
|---|
| 650 | 0 | 7. |
‡aosoby se sluchovým postižením
‡7ph116187
‡2czenas |
|---|
| 650 | 0 | 7. |
‡aspeciální pedagogika
‡7ph116230
‡2czenas |
|---|
| 650 | 0 | 7. |
‡ainterpersonální komunikace
‡7ph121153
‡2czenas |
|---|
| 650 | 0 | 7. |
‡akomunikace (sdělování)
‡7ph114956
‡2czenas |
|---|
| 650 | 0 | 7. |
‡akompenzační pomůcky
‡7ph121759
‡2czenas |
|---|
| 650 | 0 | 7. |
‡aporadenství
‡7ph124359
‡2czenas |
|---|
| 650 | 0 | 7. |
‡avýchovné poradenství
‡7ph127430
‡2czenas |
|---|
| 650 | 0 | 9. |
‡ahearing impaired
‡2eczenas |
|---|
| 650 | 0 | 9. |
‡aspecial education
‡2eczenas |
|---|
| 650 | 0 | 9. |
‡ainterpersonal communication
‡2eczenas |
|---|
| 650 | 0 | 9. |
‡ahuman communication
‡2eczenas |
|---|
| 650 | 0 | 9. |
‡acompensatory aids
‡2eczenas |
|---|
| 650 | 0 | 9. |
‡aconsulting services
‡2eczenas |
|---|
| 650 | 0 | 9. |
‡aeducational counseling
‡2eczenas |
|---|
| 655 | | 7. |
‡amonografie
‡7fd132842
‡2czenas |
|---|
| 655 | | 9. |
‡amonographs
‡2eczenas |
|---|
| 910 | | . |
‡aABG312 |
|---|
| 995 | | . |
‡aska |
|---|
| 901 | | . |
‡a57428
‡bAUTOGEN
‡c57428
‡tbiblio |
|---|